000 01051pam a2200313 a 4500
001 37420
005 20230410115909.0
008 901220s1991 enka b 001 0 eng
035 _9(DLC) 90028525
035 _a1053210
942 _2lcc
_cbk
010 _a 90028525
020 _a0862329744 (HB)
020 _a0862329752 (PB)
040 _aDLC
_cDLC
_dDLC
043 _ad------
050 1 4 _aHQ 1870.9
_bV637w 1991
082 0 0 _a305.42/09172/4
_220
100 1 _aVickers, Jeanne.
245 1 0 _aWomen and the world economic crisis /
_cprepared by Jeanne Vickers.
260 _aLondon ;
_aAtlantic Highlands, N.J. :
_bZed Books,
_c1991.
300 _axi, 146 p. :
_bill. ;
_c25 cm.
440 0 _aWomen and world development series
504 _aIncludes bibliographical references (p. 135-140) and index.
650 0 _aWomen
_zDeveloping countries
_xEconomic conditions.
650 0 _aWomen in development
_zDeveloping countries.
651 0 _aDeveloping countries
_xEconomic conditions.
650 0 _aInternational economic relations.
999 _c50066
_d50066